[Event "IECG CF.2002.0.00025 email"]
[Site "IECG email"]
[Date "2002.05.21"]
[Round "?"]
[White "Boni, Roberto"]
[Black "Doerdelmann, Thomas"]
[Result "0-1"]
[WhiteElo "1087"]
[BlackElo "947"]
[PlyCount "120"]
[EventDate "2002.05.21"]
[EventType "tourn (corr)"]
[EventRounds "6"]
[SourceTitle "Corr 2008"]
[Source "ChessBase"]
[SourceDate "2008.06.24"]
[SourceVersion "1"]
[SourceVersionDate "2008.06.24"]
[SourceQuality "1"]

1. e4 e5 2. Nf3 Nf6 3. Nxe5 d6 4. Nf3 Nxe4 5. d4 d5 6. Bd3 Bf5 7. 0-0 Bd6 8. c4 c6 9. Qb3 Qb6 10. c5 Qxb3 11. axb3 Bc7 12. b4 0-0 13. b5 cxb5 14. Bxb5 Nc6 15. Nc3 Nxc3 16. bxc3 Rfe8 17. Bd2 a6 18. Bxc6 bxc6 19. Rfe1 Kf8 20. Rec1 a5 21. c4 dxc4 22. Rxc4 Bd3 23. Rc3 Bb5 24. Re3 a4 25. Raa3 h6 26. Nh4 Red8 27. Bc3 Bf4 28. Re1 Re8 29. Rea1 Re2 30. Nf5 Rc2 31. Nd6 Rd8 32. Nxb5 cxb5 33. Kf1 Bc1 34. R1a2 Bxa3 35. Rxc2 b4 36. Ra2 Ke7 37. Ke2 Ke6 38. Kd3 Kd5 39. h3 Rb8 40. Ra1 f5 41. f3 f4 42. Bxb4 Bxb4 43. Rxa4 Be1 44. Ke2 Re8+ 45. Kd1 Bf2 46. c6 Bxd4 47. c7 Be5 48. Re4 g5 49. Ke2 Rc8 50. Ra4 Rxc7 51. Ra5+ Rc5 52. Rxc5+ Kxc5 53. Kd3 Kd5 54. Kd2 Bd4 55. Ke2 Kc4 56. Kd2 Be3+ 57. Ke2 Kd4 58. Kf1 Kd3 59. Ke1 h5 60. Kf1 Kd2 0-1

[Event "IECG CF.2002.0.00025 email"]
[Site "IECG email"]
[Date "2002.05.21"]
[Round "?"]
[White "Gazen, Louis"]
[Black "Doerdelmann, Thomas"]
[Result "1-0"]
[WhiteElo "1000"]
[BlackElo "947"]
[PlyCount "35"]
[EventDate "2002.05.21"]
[EventType "tourn (corr)"]
[EventRounds "6"]
[SourceTitle "Corr 2008"]
[Source "ChessBase"]
[SourceDate "2008.06.24"]
[SourceVersion "1"]
[SourceVersionDate "2008.06.24"]
[SourceQuality "1"]

1. e4 e6 2. d4 d5 3. Nc3 dxe4 4. Nxe4 Nd7 5. Nf3 Ngf6 6. Nxf6+ Nxf6 7. Bd3 Be7 8. Qe2 c5 9. dxc5 Bxc5 10. Bg5 0-0 11. 0-0-0 Qb6 12. Bxf6 gxf6 13. Nd2 Bxf2 14. Rhf1 Bd4 15. c3 Be3 16. Rxf6 Qc5 17. Kb1 Rd8 18. Ne4 1-0

[Event "IECG CN.2002.0.00284 email"]
[Site "IECG email"]
[Date "2002.02.28"]
[Round "?"]
[White "Lepercq, Pierre"]
[Black "Doerdelmann, Thomas"]
[Result "0-1"]
[WhiteElo "926"]
[BlackElo "973"]
[PlyCount "58"]
[EventDate "2002.02.28"]
[EventType "tourn (corr)"]
[EventRounds "6"]
[SourceTitle "Corr 2008"]
[Source "ChessBase"]
[SourceDate "2008.06.24"]
[SourceVersion "1"]
[SourceVersionDate "2008.06.24"]
[SourceQuality "1"]

1. Nf3 c5 2. c4 Nc6 3. e3 e5 4. Nc3 Nf6 5. d4 cxd4 6. exd4 exd4 7. Nxd4 Bb4 8. Qe2+ Ne7 9. Bd2 0-0 10. a3 Bxc3 11. Bxc3 Ned5 12. Qc2 Nxc3 13. Qxc3 d5 14. Be2 Ne4 15. Qc2 Qf6 16. Nf3 Bf5 17. Bd3 dxc4 18. Qxc4 Nd6 19. Qb3 Bxd3 20. Qxd3 Rfe8+ 21. Kf1 Qxb2 22. Re1 Rxe1+ 23. Nxe1 Re8 24. f3 Nf5 25. g3 Ne3+ 26. Kg1 Ng4 27. Nc2 Qc1+ 28. Qf1 Qxc2 29. fxg4 Re2 0-1

[Event "IECG CN.2001.0.00267"]
[Site "IECG email"]
[Date "2001.10.28"]
[Round "?"]
[White "Doerdelmann, Thomas"]
[Black "Hughes, Chris"]
[Result "1-0"]
[WhiteElo "951"]
[BlackElo "938"]
[PlyCount "83"]
[EventDate "2001.10.28"]
[EventType "tourn (corr)"]
[EventRounds "6"]
[SourceTitle "Corr 2008"]
[Source "ChessBase"]
[SourceDate "2008.06.24"]
[SourceVersion "1"]
[SourceVersionDate "2008.06.24"]
[SourceQuality "1"]

1. d4 Nf6 2. e3 g6 3. Bd3 Bg7 4. Nd2 d6 5. Ngf3 0-0 6. 0-0 Nbd7 7. c3 e5 8. Qc2 b6 9. Rd1 Bb7 10. b3 Re8 11. dxe5 dxe5 12. Ne4 Nxe4 13. Bxe4 Bxe4 14. Qxe4 Qe7 15. Bb2 Rad8 16. c4 Nc5 17. Qc2 e4 18. Bxg7 Kxg7 19. Qc3+ Kg8 20. Nd4 Rd6 21. Rd2 Qf6 22. Rad1 Red8 23. b4 Ne6 24. b5 Nxd4 25. exd4 h6 26. Qe3 Qe6 27. d5 Qe5 28. Qxh6 Rf6 29. Qe3 Rf5 30. h3 Rd6 31. Re2 Rdf6 32. Rf1 Rf4 33. g3 Rf3 34. Qxe4 Qxe4 35. Rxe4 Ra3 36. Re7 Rxa2 37. Rxc7 Rc2 38. f4 Rc3 39. Kg2 Rf5 40. Rf3 Rc2+ 41. Rf2 Rc3 42. Rd2 1-0

[Event "IECG CN.2001.0.00257"]
[Site "IECG email"]
[Date "2001.08.05"]
[Round "?"]
[White "Doerdelmann, Thomas"]
[Black "Topot, Iwan"]
[Result "0-1"]
[WhiteElo "945"]
[BlackElo "800"]
[PlyCount "42"]
[EventDate "2001.08.05"]
[EventType "tourn (corr)"]
[EventRounds "6"]
[SourceTitle "Corr 2008"]
[Source "ChessBase"]
[SourceDate "2008.06.24"]
[SourceVersion "1"]
[SourceVersionDate "2008.06.24"]
[SourceQuality "1"]

1. d4 Nf6 2. e3 d5 3. Bd3 Nc6 4. c3 e5 5. Bb5 Bg4 6. Bxc6+ bxc6 7. f3 Bf5 8. dxe5 Nd7 9. f4 Nc5 10. Nf3 Nd3+ 11. Kf1 Bc5 12. b4 Bb6 13. Na3 a5 14. bxa5 Rxa5 15. Nd4 Bxd4 16. exd4 Qh4 17. Qd2 Nxf4 18. g3 Qh3+ 19. Kg1 Nd3 20. Nc2 h5 21. Rb1 Ra8 0-1

[Event "IECG CN.2001.0.00248"]
[Site "IECG email"]
[Date "2001.05.20"]
[Round "?"]
[White "Notarangelo, Domenico"]
[Black "Doerdelmann, Thomas"]
[Result "1-0"]
[WhiteElo "800"]
[BlackElo "800"]
[PlyCount "83"]
[EventDate "2001.05.20"]
[EventType "tourn (corr)"]
[EventRounds "6"]
[SourceTitle "Corr 2008"]
[Source "ChessBase"]
[SourceDate "2008.06.24"]
[SourceVersion "1"]
[SourceVersionDate "2008.06.24"]
[SourceQuality "1"]

1. e4 e6 2. d4 d5 3. Nd2 dxe4 4. Nxe4 c5 5. dxc5 Qxd1+ 6. Kxd1 Nf6 7. Nxf6+ gxf6 8. Be3 Bg7 9. Nf3 Nc6 10. Bd3 f5 11. Kc1 e5 12. Bc4 f4 13. Bd2 Bf5 14. Re1 0-0 15. Bd5 Rac8 16. Bc3 Rfd8 17. Bxc6 Rxc6 18. Bxe5 Rxc5 19. c3 Bxe5 20. Nxe5 Kg7 21. Nf3 Kf6 22. Rd1 Rg8 23. Nh4 Be4 24. Rd4 Rh5 25. g3 Re8 26. Kd2 fxg3 27. fxg3 Rb5 28. b4 Re6 29. Re1 Rbe5 30. c4 b6 31. Rd7 a5 32. a3 axb4 33. axb4 Bc6 34. Rf1+ Kg5 35. Nf3+ Bxf3 36. Rxf3 b5 37. Rdxf7 bxc4 38. Kc3 Kg6 39. Kxc4 Re2 40. h4 Re1 41. R7f5 Rc1+ 42. Kb5 1-0

[Event "IECG CN.2001.0.00232"]
[Site "IECG email"]
[Date "2001.02.01"]
[Round "?"]
[White "Doerdelmann, Thomas"]
[Black "McMichael, Andrew"]
[Result "1-0"]
[WhiteElo "800"]
[BlackElo "709"]
[PlyCount "46"]
[EventDate "2001.02.01"]
[EventType "tourn (corr)"]
[EventRounds "6"]
[SourceTitle "Corr 2008"]
[Source "ChessBase"]
[SourceDate "2008.06.24"]
[SourceVersion "1"]
[SourceVersionDate "2008.06.24"]
[SourceQuality "1"]

1. d4 d5 2. e3 g6 3. Bd3 Bg7 4. f4 Nc6 5. c3 f5 6. Nf3 Nf6 7. Nbd2 Bh6 8. c4 Nb4 9. Qa4+ Nc6 10. cxd5 Nxd5 11. Nc4 Bd7 12. Qb3 e6 13. Qxb7 Rb8 14. Qa6 Ndb4 15. Qa3 Bf8 16. Qb3 Nxd3+ 17. Qxd3 Nb4 18. Qd1 Bb5 19. Nce5 c5 20. a3 Qa5 21. Bd2 Nd3+ 22. Nxd3 Qa4 23. Qxa4 Bxa4 1-0